[Event "DEM U10/U10w 2009"]
[Site "Willingen GER"]
[Date "2009.06.05"]
[Round "9"]
[White "Walker, Julia"]
[Black "Moses, Selina"]
[Result "0-1"]
[Termination "normal"]
[Board "38"]
[WhiteElo "1066"]
[BlackElo "1044"]
[PlyCount "40"]
[WhiteFideId "1271852"]
[BlackFideId "12908070"]
[EventCountry "GER"]
[EventRounds "11"]
[EventType "swiss"]
[EventDate "2009.05.30"]

1. e4 e5 2. Nf3 d6 3. Bc4 Nd7 4. d4 c6 5. dxe5 dxe5 6. O-O Be7 7. Nc3 Ngf6 8.
h3 O-O 9. Be3 b5 10. Bb3 b4 11. Ne2 Nxe4 12. Qd3 Nef6 13. Qc4 Qc7 14. Ng5 Nd5
15. Qd3 N7f6 16. Rad1 h6 17. Nf3 e4 18. Qd4 exf3 19. gxf3 Bxh3 20. Rfe1 Bd6 0-1

[Event "DEM U10/U10w 2009"]
[Site "Willingen GER"]
[Date "2009.06.05"]
[Round "9"]
[White "Kim, Yu-Mi"]
[Black "Wallat, Jessica"]
[Result "0-1"]
[Termination "normal"]
[Board "39"]
[WhiteElo "824"]
[BlackElo "1045"]
[PlyCount "62"]
[WhiteFideId "12955361"]
[BlackFideId "12909637"]
[EventCountry "GER"]
[EventRounds "11"]
[EventType "swiss"]
[EventDate "2009.05.30"]

1. e4 e5 2. Nf3 Nc6 3. d4 exd4 4. Nxd4 Nf6 5. Nc3 Bb4 6. Qd3 O-O 7. Bd2 Re8 8.
f3 d5 9. Bg5 dxe4 10. Nxc6 exd3+ 11. Kd2 bxc6 12. Bxd3 Re2+ 13. Kxe2 Bxc3 14.
bxc3 h6 15. Bxf6 Qxf6 16. Kd2 Bf5 17. Bxf5 Qxf5 18. h3 Rd8+ 19. Kc1 a5 20. a4
Qf4+ 21. Kb2 Qd2 22. g4 Rd3 23. Ra3 Rxf3 24. h4 Qf4 25. g5 Rf1 26. Rh3 Qc1+ 27.
Ka2 Qa1+ 28. Kb3 Rb1+ 29. Kc4 Qxa3 30. gxh6 Qd6 31. hxg7 Qd5# 0-1

[Event "DEM U10/U10w 2009"]
[Site "Willingen GER"]
[Date "2009.06.05"]
[Round "9"]
[White "Lohmüller, Gedeon"]
[Black "Schmitt, Marco"]
[Result "1/2-1/2"]
[Termination "normal"]
[Board "40"]
[WhiteElo "1015"]
[BlackElo "993"]
[PlyCount "100"]
[EventCountry "GER"]
[EventRounds "11"]
[EventType "swiss"]
[EventDate "2009.05.30"]

1. e4 e5 2. Nf3 Nc6 3. Bc4 Bc5 4. c3 Nf6 5. d4 exd4 6. cxd4 Bb4+ 7. Nc3 Bxc3+
8. bxc3 Nxe4 9. Qe2 Qe7 10. Bd2 Nxd2 11. Qxe7+ Nxe7 12. Nxd2 O-O 13. O-O c6 14.
a4 d5 15. Bd3 Bf5 16. Bxf5 Nxf5 17. Rfe1 Rfe8 18. Rxe8+ Rxe8 19. h3 h6 20. Rb1
b6 21. c4 dxc4 22. Nxc4 Nxd4 23. Rd1 Ne2+ 24. Kh2 Nc3 25. Ra1 b5 26. axb5 cxb5
27. Nb2 Ra8 28. g4 a5 29. f4 b4 30. h4 a4 31. Nc4 a3 32. Nb6 Ra6 33. Nc4 a2 34.
Nd2 Rb6 35. Nb3 f6 36. Kg3 Ne2+ 37. Kf3 Nd4+ 38. Nxd4 b3 39. Nxb3 Rxb3+ 40. Ke4
Kf7 41. Rxa2 Rb4+ 42. Kf3 Ke6 43. Re2+ Kf7 44. Re4 Rb3+ 45. Re3 Rxe3+ 46. Kxe3
g6 47. Ke4 Ke6 48. f5+ gxf5+ 49. gxf5+ Kd6 50. Kf4 h5 1/2-1/2

[Event "DEM U10/U10w 2009"]
[Site "Willingen GER"]
[Date "2009.06.05"]
[Round "9"]
[White "Dopmann, Sina"]
[Black "Puls, Olivia"]
[Result "1-0"]
[Termination "normal"]
[Board "41"]
[WhiteElo "1035"]
[BlackElo "822"]
[PlyCount "61"]
[EventCountry "GER"]
[EventRounds "11"]
[EventType "swiss"]
[EventDate "2009.05.30"]

1. e4 e5 2. d3 Nf6 3. Be2 d5 4. Nd2 Bd6 5. Ngf3 Nc6 6. O-O O-O 7. c3 d4 8. c4
Bd7 9. Qc2 Qe7 10. a3 a5 11. b3 b6 12. Bb2 Ng4 13. a4 Nb4 14. Qb1 f5 15. Ba3 c6
16. Bc1 b5 17. axb5 cxb5 18. Qb2 a4 19. bxa4 bxa4 20. Qb1 Qf6 21. Ba3 Nc6 22.
Qb7 Rfd8 23. exf5 Ra7 24. Qb2 Bxf5 25. Qa2 Be6 26. Ne4 Qe7 27. Nxd6 Rxd6 28.
Bxd6 Qxd6 29. Ng5 a3 30. Bxg4 Bxg4 31. c5+ 1-0

[Event "DEM U10/U10w 2009"]
[Site "Willingen GER"]
[Date "2009.06.05"]
[Round "9"]
[White "Döpper, Anna Berenice"]
[Black "Lederer, Leia"]
[Result "0-1"]
[Termination "normal"]
[Board "43"]
[WhiteElo "919"]
[BlackElo "944"]
[PlyCount "90"]
[WhiteFideId "1271853"]
[BlackFideId "12926353"]
[EventCountry "GER"]
[EventRounds "11"]
[EventType "swiss"]
[EventDate "2009.05.30"]

1. e4 c5 2. d4 d5 3. dxc5 e6 4. Be3 Nf6 5. Nc3 Nc6 6. Nf3 Be7 7. Be2 O-O 8. O-O
Ng4 9. exd5 Nxe3 10. fxe3 Nb4 11. d6 Bf6 12. a3 Nd5 13. Nxd5 exd5 14. c3 Qe8
15. Qd2 Be6 16. Rac1 Qd7 17. c4 Rae8 18. cxd5 Bh3 19. gxh3 Qxh3 20. Bb5 Re4 21.
Rc4 Qg4+ 22. Qg2 Rxc4 23. Bxc4 Qxc4 24. Rd1 Qxc5 25. Qe2 Re8 26. Rd3 Re4 27. b4
Qxd6 28. Qc2 Rg4+ 29. Kh1 h6 30. Qc8+ Bd8 31. Qxg4 Qc7 32. Nh4 Qc1+ 33. Kg2
Qc2+ 34. Kh3 Bc7 35. Qg1 Qxd3 36. Qf2 Qxd5 37. Nf5 Qe6 38. Kg2 Qg6+ 39. Kh3 Qg5
40. Qf3 h5 41. e4 Qd2 42. Qh1 Qe2 43. Qg1 Qf3+ 44. Ng3 g5 45. Qg2 Qg4# 0-1

[Event "DEM U10/U10w 2009"]
[Site "Willingen GER"]
[Date "2009.06.05"]
[Round "9"]
[White "Gheng, Christian"]
[Black "Scheinhütte, Jakob"]
[Result "1-0"]
[Termination "normal"]
[Board "46"]
[WhiteElo "1386"]
[BlackElo "1174"]
[PlyCount "169"]
[WhiteFideId "24660345"]
[BlackFideId "24693944"]
[EventCountry "GER"]
[EventRounds "11"]
[EventType "swiss"]
[EventDate "2009.05.30"]

1. e4 e6 2. d4 d5 3. Nd2 a6 4. Ngf3 c5 5. exd5 exd5 6. Bd3 c4 7. Be2 Nf6 8. O-O
Bd6 9. Re1 O-O 10. Nf1 Nc6 11. Bg5 h6 12. Bh4 Bf5 13. Ne3 Be4 14. Ng4 Be7 15.
Nge5 Nb4 16. Nd2 Bxc2 17. Qc1 Bh7 18. Bd1 Ng4 19. Bxe7 Qxe7 20. Bxg4 Qd8 21.
Bd1 f6 22. a3 fxe5 23. axb4 exd4 24. Bf3 Rc8 25. Re5 Qb6 26. Bxd5+ Kh8 27. Re7
c3 28. bxc3 dxc3 29. Nf3 Rc7 30. Rxc7 Qxc7 31. Ra3 c2 32. Bb3 Rd8 33. Bxc2 Qxc2
34. Qxc2 Bxc2 35. Ra1 Be4 36. Ne5 Rd4 37. f3 Bh7 38. Ra4 Bc2 39. Ra1 Rxb4 40.
Rc1 Bh7 41. Rc8+ Bg8 42. Ng6+ Kh7 43. Nf8+ Kh8 44. Rb8 g5 45. Nd7 Rb1+ 46. Kf2
b5 47. Nf6 Kg7 48. Nxg8 b4 49. Ne7 b3 50. Nf5+ Kf6 51. Nxh6 b2 52. Ng4+ Ke6 53.
Ne3 a5 54. Nc4 Rc1 55. Nxb2 Rb1 56. Re8+ Kd5 57. Re2 Kd4 58. Na4 Ra1 59. Re4+
Kd3 60. Nc5+ Kc3 61. Ra4 Rxa4 62. Nxa4+ Kb4 63. Nb2 Kb3 64. Nd3 Kc4 65. Ke3 Kc3
66. Nc5 Kc4 67. Na4 Kb4 68. Nb2 Kb3 69. Nd3 Kc3 70. Nc5 Kc4 71. Na4 Kb4 72. Kd2
Kxa4 73. Kc2 Kb4 74. Kb2 a4 75. g3 a3+ 76. Ka2 Kc4 77. h4 gxh4 78. gxh4 Kd5 79.
h5 Ke6 80. f4 Kf6 81. Kxa3 Kg7 82. f5 Kh6 83. f6 Kh7 84. Kb4 Kg8 85. h6 1-0

[Event "DEM U10/U10w 2009"]
[Site "Willingen GER"]
[Date "2009.06.05"]
[Round "10"]
[White "Flüchter, Gregor"]
[Black "Sawlin, Leonid"]
[Result "0-1"]
[Termination "normal"]
[Board "1"]
[WhiteElo "1226"]
[BlackElo "1853"]
[PlyCount "82"]
[WhiteFideId "12903396"]
[BlackFideId "4689542"]
[EventCountry "GER"]
[EventRounds "11"]
[EventType "swiss"]
[EventDate "2009.05.30"]

1. e4 e6 2. d3 d5 3. Nd2 c5 4. Ngf3 Nf6 5. g3 Nc6 6. Bg2 Be7 7. O-O O-O 8. e5
Nd7 9. Re1 Qc7 10. Qe2 b5 11. Nf1 Bb7 12. Bf4 a6 13. h4 Rac8 14. N1h2 Nd4 15.
Qd2 Nxf3+ 16. Bxf3 c4 17. Rac1 c3 18. bxc3 Qxc3 19. Qxc3 Rxc3 20. Re2 Rfc8 21.
Ng4 Ba3 22. Ra1 Rxc2 23. Rxc2 Rxc2 24. Ne3 Rc3 25. Be2 d4 26. Ng4 Nc5 27. Rd1
Rc2 28. Rd2 Rxd2 29. Bxd2 Bd5 30. h5 h6 31. Nxh6+ gxh6 32. Bxh6 Bxa2 33. Bg5 b4
34. h6 b3 35. Kg2 b2 36. Bf6 b1=Q 37. Bh5 Qxd3 38. Kh2 Nd7 39. g4 Nxf6 40. exf6
Bd6+ 41. Kg2 Bd5+ 0-1

[Event "DEM U10/U10w 2009"]
[Site "Willingen GER"]
[Date "2009.06.05"]
[Round "10"]
[White "Ovsepyan, Arshak"]
[Black "Lagunow, Raphael"]
[Result "1/2-1/2"]
[Termination "normal"]
[Board "2"]
[WhiteElo "1863"]
[BlackElo "1491"]
[PlyCount "129"]
[WhiteFideId "24690236"]
[BlackFideId "24652644"]
[EventCountry "GER"]
[EventRounds "11"]
[EventType "swiss"]
[EventDate "2009.05.30"]

1. e4 c5 2. c3 Nf6 3. e5 Nd5 4. d4 cxd4 5. Nf3 Nc6 6. cxd4 g6 7. a3 Bg7 8. Bd3
O-O 9. O-O d6 10. Re1 dxe5 11. dxe5 Qc7 12. Qe2 Bg4 13. Bb5 Nxe5 14. Nbd2 Nxf3+
15. Nxf3 Rac8 16. Bd3 Nf4 17. Bxf4 Qxf4 18. Rab1 e6 19. Be4 b6 20. h3 Bf5 21.
Bxf5 Qxf5 22. Rbc1 Qf6 23. b4 Qb2 24. Rxc8 Rxc8 25. Qa6 Rc7 26. Qa4 Kf8 27. Rd1
Qc2 28. Rd8+ Ke7 29. Rd7+ Kf8 30. Qxc2 Rxc2 31. Rxa7 h6 32. Ra6 b5 33. Ra5 Ra2
34. Rxb5 Rxa3 35. Rb7 Rb3 36. b5 Bc3 37. b6 Ba5 38. Rb8+ Kg7 39. Nd4 Rxb6 40.
Rxb6 Bxb6 41. Nb5 e5 42. Kf1 f5 43. Ke2 Kf6 44. h4 g5 45. hxg5+ hxg5 46. f3 g4
47. Nc3 Ke6 48. Kd3 Bd4 49. Nb5 gxf3 50. gxf3 Bc5 51. Nc3 Bb6 52. Kc4 Ba5 53.
Nd5 f4 54. Nc3 Bxc3 55. Kxc3 Kf5 56. Kd3 Kg6 57. Ke4 Kf6 58. Kd3 Kf5 59. Ke2
Kg5 60. Kf2 Kf5 61. Ke2 e4 62. fxe4+ Kxe4 63. Kf2 f3 64. Kf1 Ke3 65. Ke1
1/2-1/2

[Event "DEM U10/U10w 2009"]
[Site "Willingen GER"]
[Date "2009.06.05"]
[Round "10"]
[White "Baskin, Robert"]
[Black "Reimers, Juri"]
[Result "1/2-1/2"]
[Termination "normal"]
[Board "3"]
[WhiteElo "1697"]
[BlackElo "1503"]
[PlyCount "39"]
[WhiteFideId "24662402"]
[BlackFideId "24661511"]
[EventCountry "GER"]
[EventRounds "11"]
[EventType "swiss"]
[EventDate "2009.05.30"]

1. e4 c6 2. d4 d5 3. Nc3 dxe4 4. Nxe4 Bf5 5. Ng3 Bg6 6. h4 h6 7. Nf3 Nd7 8. h5
Bh7 9. Bd3 Bxd3 10. Qxd3 Qc7 11. Bd2 Ngf6 12. Qe2 O-O-O 13. O-O-O e6 14. Ne5
Nxe5 15. dxe5 Nd5 16. f4 Kb8 17. Ne4 c5 18. Kb1 Be7 19. Qf2 Rd7 20. Rhe1
1/2-1/2

[Event "DEM U10/U10w 2009"]
[Site "Willingen GER"]
[Date "2009.06.05"]
[Round "10"]
[White "Schmekel, Florian"]
[Black "Scholz, Robert"]
[Result "0-1"]
[Termination "time forfeit"]
[Board "4"]
[WhiteElo "1410"]
[BlackElo "1497"]
[PlyCount "78"]
[WhiteFideId "12913456"]
[BlackFideId "1270301"]
[EventCountry "GER"]
[EventRounds "11"]
[EventType "swiss"]
[EventDate "2009.05.30"]

1. d4 d5 2. c4 dxc4 3. Nc3 e6 4. e4 Nf6 5. Nf3 c5 6. Bxc4 a6 7. O-O b5 8. Bb3
Be7 9. Re1 O-O 10. Bg5 c4 11. Bc2 Bb7 12. e5 Nd5 13. Bxe7 Qxe7 14. Nxd5 Bxd5
15. Be4 Bxe4 16. Rxe4 Nc6 17. Rh4 Rad8 18. Qe2 h6 19. Qe4 Rd5 20. Qg4 Rfd8 21.
Rd1 f5 22. Qg6 Qf7 23. Qg3 Kh8 24. Qf4 Qg6 25. Kh1 Nb4 26. g4 Nd3 27. Qg3 fxg4
28. Kg1 Rf8 29. Rxg4 Qf7 30. Kg2 Nxb2 31. Rd2 Nd3 32. Nh4 Rg8 33. Ng6+ Kh7 34.
h4 Rgd8 35. Qe3 Qf5 36. Kg3 Qf7 37. Qe4 Kg8 38. Qe3 h5 39. Rg5 Rxd4 0-1

[Event "DEM U10/U10w 2009"]
[Site "Willingen GER"]
[Date "2009.06.05"]
[Round "10"]
[White "Dürr, Florian"]
[Black "Litzka, Richard"]
[Result "1-0"]
[Termination "normal"]
[Board "5"]
[WhiteElo "1649"]
[BlackElo "1330"]
[PlyCount "227"]
[WhiteFideId "24659134"]
[EventCountry "GER"]
[EventRounds "11"]
[EventType "swiss"]
[EventDate "2009.05.30"]

1. e4 c5 2. Ne2 e6 3. Nbc3 a6 4. g3 b5 5. Bg2 Bb7 6. O-O d6 7. d3 Qd7 8. f4 b4
9. Nb1 Nf6 10. h3 Nc6 11. Be3 Be7 12. Nd2 h5 13. Nc4 Qc7 14. c3 d5 15. Nd2 a5
16. Qc2 Ba6 17. Nb3 Qa7 18. Rfd1 a4 19. Nbc1 Rc8 20. Qxa4 O-O 21. Qc2 d4 22.
Bf2 dxc3 23. bxc3 bxc3 24. Qxc3 Nb8 25. Nb3 Qc7 26. Rac1 c4 27. Na5 Rfd8 28.
Rd2 h4 29. g4 Bc5 30. Nxc4 Bxf2+ 31. Kxf2 Qa7+ 32. Ke1 Bxc4 33. dxc4 Rxd2 34.
Qxd2 Qa4 35. e5 Ne8 36. Qc2 Qa5+ 37. Kf1 Rd8 38. Rd1 Rc8 39. Qb3 Rd8 40. Rxd8
Qxd8 41. a4 g6 42. a5 Na6 43. Qb6 Nac7 44. a6 Qd1+ 45. Kf2 Qa4 46. a7 Qxc4 47.
a8=Q Nxa8 48. Bxa8 Kg7 49. Qd8 Qc5+ 50. Kg2 Qb5 51. Bf3 Qa4 52. Qxh4 Qd7 53. g5
Kg8 54. Qf2 Ng7 55. Ng3 Qa4 56. Be4 Nh5 57. Qe3 Qa2+ 58. Kf3 Qh2 59. Kg4 Ng7
60. Qf3 Nf5 61. Bxf5 exf5+ 62. Kh4 Qd2 63. Qf1 Qe3 64. Ne2 Kg7 65. Ng3 Kh7 66.
Nh1 Kg7 67. Qf2 Qe4 68. Ng3 Qc4 69. Nf1 Qc3 70. Ne3 Qb4 71. Kg3 Qe4 72. Qf3 Qb1
73. Ng2 Qb6 74. h4 Qe6 75. h5 Qb6 76. h6+ Kh7 77. Qc3 Qe6 78. Qa3 Qe8 79. Qd6
Kg8 80. Qf6 Qf8 81. Qg7+ Qxg7 82. hxg7 Kxg7 83. Kf3 Kf8 84. Ke3 Ke7 85. Kd4 Kd8
86. Kd5 Kd7 87. Nh4 Ke7 88. Nf3 Kd7 89. Nd4 Ke7 90. Nc6+ Kd7 91. e6+ fxe6+ 92.
Ke5 Kxc6 93. Kxe6 Kc5 94. Kf6 Kd4 95. Kxg6 Ke4 96. Kf6 Kxf4 97. g6 Ke4 98. g7
f4 99. g8=Q Ke3 100. Qg1+ Ke2 101. Qg2+ Ke3 102. Qf1 f3 103. Kg5 f2 104. Kg4
Kd4 105. Qxf2+ Kc4 106. Qd2 Kb3 107. Qd4 Ka2 108. Qc3 Kb1 109. Qd2 Ka1 110. Kf4
Kb1 111. Ke4 Ka1 112. Kd3 Kb1 113. Kc3 Ka1 114. Qb2# 1-0

[Event "DEM U10/U10w 2009"]
[Site "Willingen GER"]
[Date "2009.06.05"]
[Round "10"]
[White "Gungl, Theo"]
[Black "Mager, Denis"]
[Result "1/2-1/2"]
[Termination "normal"]
[Board "6"]
[WhiteElo "1681"]
[BlackElo "1497"]
[PlyCount "120"]
[WhiteFideId "24695653"]
[BlackFideId "24691127"]
[EventCountry "GER"]
[EventRounds "11"]
[EventType "swiss"]
[EventDate "2009.05.30"]

1. d4 Nf6 2. c4 g6 3. Nc3 Bg7 4. e4 d6 5. f3 O-O 6. Be3 Nbd7 7. Bd3 c5 8. Nge2
Qb6 9. Qd2 Ne8 10. Nd5 Qd8 11. O-O e6 12. Ndc3 Qb6 13. d5 Ne5 14. Rab1 Qd8 15.
h3 b6 16. f4 Nxd3 17. Qxd3 Ba6 18. b3 Qd7 19. Qd2 Rd8 20. Rbd1 Nc7 21. dxe6
fxe6 22. e5 Ne8 23. exd6 Qxd6 24. Qxd6 Rxd6 25. Rxd6 Nxd6 26. Rd1 Nf5 27. Bf2
Bc8 28. Ne4 e5 29. fxe5 Bxe5 30. g4 Ng7 31. Nd6 Rd8 32. Bg3 Bxg3 33. Nxg3 Ne8
34. Nge4 Bb7 35. Rd2 Bc6 36. Nxe8 Rxd2 37. Nxd2 Bxe8 38. Ne4 Bc6 39. Nd6 Kf8
40. Nc8 Be4 41. Nxa7 Bb1 42. a3 Ba2 43. Nc8 Bxb3 44. Nxb6 Ke7 45. a4 Kd6 46.
Kf2 Kc6 47. a5 Kb7 48. Ke3 g5 49. Kd3 Bd1 50. Nd7 Ka6 51. Nxc5+ Kxa5 52. Ne6 h6
53. Nd8 Bf3 54. Nf7 Bg2 55. Nxh6 Bxh3 56. Kd4 Kb6 57. Kd5 Kc7 58. c5 Kd7 59.
Nf7 Bg2+ 60. Ke5 Bf3 1/2-1/2

[Event "DEM U10/U10w 2009"]
[Site "Willingen GER"]
[Date "2009.06.05"]
[Round "10"]
[White "Perske, Thore"]
[Black "Hemprich, Iustus"]
[Result "0-1"]
[Termination "normal"]
[Board "7"]
[WhiteElo "1120"]
[BlackElo "1420"]
[PlyCount "110"]
[WhiteFideId "12902195"]
[EventCountry "GER"]
[EventRounds "11"]
[EventType "swiss"]
[EventDate "2009.05.30"]

1. e4 c5 2. d3 e6 3. g3 Nc6 4. Nf3 Nge7 5. Bg2 g6 6. O-O Bg7 7. Re1 O-O 8. c3
d5 9. Nbd2 b5 10. exd5 Nxd5 11. Qe2 Rb8 12. Nb3 Qd6 13. c4 bxc4 14. dxc4 Ndb4
15. Bf4 e5 16. Red1 Qe7 17. Be3 Na6 18. Rab1 Bf5 19. Ra1 Rfe8 20. Rd2 Nd4 21.
Bxd4 exd4 22. Re1 Qc7 23. Qd1 Be6 24. Bf1 Nb4 25. a3 Na6 26. Qc2 Qb7 27. Nc1
Qxf3 28. Bg2 Qf6 29. Rde2 Bd7 30. Rxe8+ Rxe8 31. Rxe8+ Bxe8 32. Qe4 Qe6 33.
Qxe6 fxe6 34. Nd3 Ba4 35. Kf1 Bb3 36. Nc1 Bxc4+ 37. Ke1 Bh6 38. Ne2 Bxe2 39.
Kxe2 Bc1 40. Bb7 Nc7 41. b4 Bxa3 42. bxc5 Bxc5 43. Kd3 Kf7 44. f3 a5 45. Bc6 e5
46. Ke4 Ke6 47. Ba4 Na8 48. Bb3+ Kd6 49. Bg8 h6 50. Bf7 g5 51. Kf5 d3 52. Bb3
d2 53. Ke4 Nb6 54. Kd3 a4 55. Bc2 a3 0-1

[Event "DEM U10/U10w 2009"]
[Site "Willingen GER"]
[Date "2009.06.05"]
[Round "10"]
[White "Essler, Oskar"]
[Black "Gschnitzer, Adrian"]
[Result "1-0"]
[Termination "normal"]
[Board "8"]
[WhiteElo "1341"]
[BlackElo "1253"]
[PlyCount "97"]
[WhiteFideId "12918024"]
[BlackFideId "1270337"]
[EventCountry "GER"]
[EventRounds "11"]
[EventType "swiss"]
[EventDate "2009.05.30"]

1. e4 c5 2. d4 cxd4 3. c3 dxc3 4. Nxc3 Nc6 5. Nf3 e6 6. Bc4 Nf6 7. O-O Be7 8.
Qe2 O-O 9. Bf4 d5 10. Rfd1 d4 11. Nb5 Bc5 12. Nc7 Rb8 13. Nb5 Ra8 14. e5 Ne8
15. Be3 a6 16. Nbxd4 Nxd4 17. Nxd4 Qc7 18. f4 f6 19. Bxe6+ Kh8 20. Rac1 Qb6 21.
Rxc5 Qxc5 22. Rc1 Qa5 23. Bxc8 fxe5 24. fxe5 Nc7 25. Bxb7 Rae8 26. Qd2 Qxe5 27.
Nf3 Qxe3+ 28. Qxe3 Rxe3 29. Rxc7 g5 30. Kf2 Ree8 31. Kg3 Re6 32. Nxg5 Rg6 33.
h4 Rd8 34. Kh2 Kg8 35. Be4 Rf6 36. Bxh7+ Kf8 37. Bd3 Rb6 38. Bc4 Rd2 39. Ne6+
Ke8 40. h5 Rbxb2 41. Rg7 Rd6 42. h6 Rxe6 43. Bxe6 Kf8 44. Rg8+ Ke7 45. h7 Kxe6
46. h8=Q Rxa2 47. Rg5 Ke7 48. Rg6 a5 49. Qh7+ 1-0

[Event "DEM U10/U10w 2009"]
[Site "Willingen GER"]
[Date "2009.06.05"]
[Round "10"]
[White "Wiesner, Paula"]
[Black "Baberz, Alexander"]
[Result "1-0"]
[Termination "normal"]
[Board "9"]
[WhiteElo "1942"]
[BlackElo "1268"]
[PlyCount "75"]
[WhiteFideId "24654019"]
[BlackFideId "12921734"]
[EventCountry "GER"]
[EventRounds "11"]
[EventType "swiss"]
[EventDate "2009.05.30"]

1. e4 c5 2. c3 d5 3. exd5 Qxd5 4. d4 Nf6 5. Nf3 e6 6. Be2 Nc6 7. O-O cxd4 8.
cxd4 Be7 9. Nc3 Qd7 10. h3 O-O 11. Be3 b6 12. Ne5 Nxe5 13. dxe5 Qxd1 14. Rfxd1
Nd7 15. f4 Nc5 16. Bf3 Bb7 17. Bxb7 Nxb7 18. Rd7 Bc5 19. Kf2 Bxe3+ 20. Kxe3 Nc5
21. Rd4 Rfd8 22. Rad1 Nb7 23. Rd7 Rab8 24. Rxb7 Rdc8 25. Rxb8 Rxb8 26. Rd7 a6
27. Ra7 a5 28. Nb5 Rc8 29. Nd6 Rd8 30. Rxf7 Rxd6 31. exd6 Kxf7 32. Ke4 Ke8 33.
Ke5 Kd7 34. g4 b5 35. f5 exf5 36. gxf5 h5 37. f6 Ke8 38. Ke6 1-0

[Event "DEM U10/U10w 2009"]
[Site "Willingen GER"]
[Date "2009.06.05"]
[Round "10"]
[White "Bachem, Oliver"]
[Black "Rempe, Moritz"]
[Result "1/2-1/2"]
[Termination "normal"]
[Board "11"]
[WhiteElo "1349"]
[BlackElo "1362"]
[PlyCount "121"]
[WhiteFideId "12940186"]
[BlackFideId "12906867"]
[EventCountry "GER"]
[EventRounds "11"]
[EventType "swiss"]
[EventDate "2009.05.30"]

1. e4 e6 2. d4 d5 3. Nd2 c5 4. exd5 exd5 5. Ngf3 c4 6. Be2 Nf6 7. O-O Be7 8. c3
O-O 9. b3 b5 10. b4 Bf5 11. Re1 Nbd7 12. Nf1 Ne4 13. Bd2 a5 14. a3 Nb6 15. Ng3
Nxg3 16. fxg3 axb4 17. axb4 Na4 18. Ne5 f6 19. Nc6 Qd7 20. Nxe7+ Qxe7 21. Bxc4
Qd7 22. Bb3 Nb2 23. Qf3 Rad8 24. Rf1 Bg4 25. Bxd5+ Kh8 26. Bc6 Bxf3 27. Bxd7
Bxg2 28. Kxg2 Rxd7 29. Rab1 Nc4 30. Rf2 Rc7 31. Rb3 Rfc8 32. Bf4 Rc6 33. Re2 g5
34. Be3 Re6 35. Kf2 Rce8 36. Rb1 Rxe3 37. Rxe3 Rxe3 38. Rc1 Rd3 39. Rc2 Na3 40.
Ke2 Nxc2 41. Kxd3 Na3 42. d5 Kg7 43. Kd4 Kf7 44. Kc5 Ke7 45. Kc6 Kd8 46. g4 Ke7
47. d6+ Kd8 48. d7 h6 49. h3 Nc4 50. Kxb5 Ne5 51. Kc5 Kxd7 52. Kd5 Ng6 53. Ke4
Nf4 54. Kf5 Nxh3 55. Kxf6 Nf2 56. Kf5 Kc6 57. c4 Nd3 58. b5+ Kc5 59. Kg6 Kxc4
60. Kxh6 Kxb5 61. Kxg5 1/2-1/2

[Event "DEM U10/U10w 2009"]
[Site "Willingen GER"]
[Date "2009.06.05"]
[Round "10"]
[White "Petrashov, Alexander"]
[Black "Oelfke, Nils Lukas"]
[Result "1-0"]
[Termination "normal"]
[Board "12"]
[WhiteElo "1613"]
[BlackElo "1196"]
[PlyCount "121"]
[WhiteFideId "24662461"]
[EventCountry "GER"]
[EventRounds "11"]
[EventType "swiss"]
[EventDate "2009.05.30"]

1. d4 Nf6 2. c4 e6 3. Nc3 c5 4. d5 exd5 5. cxd5 d6 6. e4 g6 7. f4 Qe7 8. Qc2
Bg7 9. Bb5+ Bd7 10. Bc4 O-O 11. Nge2 Ne8 12. Bd3 f5 13. exf5 Bxf5 14. Bxf5 Rxf5
15. O-O Nc7 16. Rd1 Nba6 17. Ng3 Rf7 18. Nce4 Nb4 19. Qb3 a5 20. a4 Bd4+ 21.
Kh1 Ncxd5 22. Ng5 Rff8 23. Bd2 Kh8 24. Bc3 Bxc3 25. bxc3 c4 26. Qxc4 Rac8 27.
Qd4+ Qf6 28. Qxf6+ Rxf6 29. cxb4 Nxb4 30. Rd2 Rc4 31. Rxd6 Rcxf4 32. Rxf6 Rxf6
33. Rf1 Rxf1+ 34. Nxf1 Nd3 35. Nf7+ Kg7 36. Nd6 b6 37. Nc4 Nc5 38. Nxb6 Kf6 39.
Kg1 h5 40. Kf2 g5 41. Nd2 Nd3+ 42. Ke3 Nf4 43. g3 Ne6 44. Ndc4 Nc5 45. Nxa5 Na6
46. Nac4 Kf5 47. h3 Nc5 48. a5 Na6 49. Kd4 h4 50. gxh4 gxh4 51. Ke3 Nc5 52.
Nd6+ Ke5 53. Nb7 Na6 54. Kf3 Kf5 55. Na8 Nb4 56. Nc7 Nc6 57. a6 Na7 58. Nd8 Kg5
59. Ke4 Kf6 60. Kd5 Kf5 61. Nde6 1-0

[Event "DEM U10/U10w 2009"]
[Site "Willingen GER"]
[Date "2009.06.05"]
[Round "10"]
[White "Bauer, Björn-Benny"]
[Black "Nobis, Anna"]
[Result "1-0"]
[Termination "normal"]
[Board "13"]
[WhiteElo "1603"]
[BlackElo "1269"]
[PlyCount "61"]
[WhiteFideId "24698741"]
[BlackFideId "1270302"]
[EventCountry "GER"]
[EventRounds "11"]
[EventType "swiss"]
[EventDate "2009.05.30"]

1. d4 d5 2. c4 e6 3. Nf3 c6 4. Nc3 Nf6 5. Bg5 Be7 6. e3 O-O 7. cxd5 exd5 8. Bd3
Nbd7 9. O-O Re8 10. Qc2 h6 11. Bh4 Ne4 12. Bxe7 Qxe7 13. Nd2 Ndf6 14. Bxe4 Nxe4
15. Ncxe4 dxe4 16. Nc4 Qg5 17. f4 exf3 18. Rxf3 Bd7 19. Raf1 Re7 20. Ne5 Be6
21. Qf2 f6 22. Rg3 Qh5 23. Qxf6 Rae8 24. Qf2 Bxa2 25. Rf3 Kh7 26. Rf5 g5 27.
Rf3 Qh4 28. Qc2+ Kg7 29. Rh3 Qxh3 30. gxh3 Bf7 31. Rxf7+ 1-0

[Event "DEM U10/U10w 2009"]
[Site "Willingen GER"]
[Date "2009.06.05"]
[Round "10"]
[White "Kasel, Mario"]
[Black "Paulsen, Alexej"]
[Result "1-0"]
[Termination "normal"]
[Board "14"]
[WhiteElo "1234"]
[BlackElo "1549"]
[PlyCount "109"]
[WhiteFideId "24660957"]
[BlackFideId "24662372"]
[EventCountry "GER"]
[EventRounds "11"]
[EventType "swiss"]
[EventDate "2009.05.30"]

1. e4 c5 2. Nf3 Nc6 3. Bc4 e6 4. Nc3 d6 5. d3 Be7 6. Bd2 Nf6 7. O-O O-O 8. Re1
d5 9. Bb3 d4 10. Ne2 e5 11. h3 Bd6 12. Bg5 h6 13. Bh4 Na5 14. c3 Nxb3 15. Qxb3
Rb8 16. Bg3 Qe7 17. cxd4 cxd4 18. Nexd4 exd4 19. e5 Bxe5 20. Rxe5 Be6 21. Nxd4
Bxb3 22. Rxe7 Bd5 23. Bxb8 Rxb8 24. Rc1 Rd8 25. Nb5 Bxa2 26. Nc3 Be6 27. Rxb7
Rxd3 28. Rxa7 Rd2 29. b4 Rb2 30. b5 Bd7 31. Rb7 Kf8 32. Rb1 Rxb1+ 33. Nxb1 Ke8
34. Nc3 Kd8 35. Na4 Kc8 36. Nc5 Be8 37. b6 Nd5 38. f4 g6 39. Kf2 f5 40. g3 Nb4
41. Re7 Kd8 42. b7 Nc6 43. Re6 Nb8 44. Na6 Bd7 45. Nxb8 Bxe6 46. Nc6+ Kc7 47.
b8=Q+ Kxc6 48. Qe8+ Kd5 49. Qxg6 Bd7 50. Qxh6 Ke4 51. g4 fxg4 52. Qh7+ Kxf4 53.
Qxd7 g3+ 54. Ke2 g2 55. Qg4+ 1-0

[Event "DEM U10/U10w 2009"]
[Site "Willingen GER"]
[Date "2009.06.05"]
[Round "10"]
[White "Greßmann, Moritz"]
[Black "Schmidt, Tobias"]
[Result "1/2-1/2"]
[Termination "normal"]
[Board "15"]
[WhiteElo "1500"]
[BlackElo "1205"]
[PlyCount "107"]
[WhiteFideId "24695084"]
[BlackFideId "1271683"]
[EventCountry "GER"]
[EventRounds "11"]
[EventType "swiss"]
[EventDate "2009.05.30"]

1. e4 e6 2. d4 d5 3. exd5 exd5 4. Bd3 Nc6 5. c3 Be6 6. Ne2 Nf6 7. O-O Bd6 8.
Bf4 Bxf4 9. Nxf4 O-O 10. Re1 Qd6 11. Nxe6 fxe6 12. Nd2 e5 13. Nb3 e4 14. Be2
Nd8 15. f3 c6 16. fxe4 Nxe4 17. Bf3 Ng5 18. Nd2 Nxf3+ 19. Nxf3 Ne6 20. Re5 h6
21. Qb3 b5 22. Rae1 Rae8 23. Qc2 Nc7 24. Qd3 Rxe5 25. Nxe5 Rf6 26. b3 a6 27.
Ra1 c5 28. Nf3 c4 29. bxc4 bxc4 30. Qd2 Qb6 31. Ne5 Qb5 32. a4 Qe8 33. Qc2 Rb6
34. a5 Rb3 35. h3 Nb5 36. Rf1 Rxc3 37. Qd1 Ra3 38. Rf7 Rxa5 39. Qg4 Qxf7 40.
Nxf7 Kxf7 41. Qd7+ Kg6 42. Qe6+ Kh7 43. Qf5+ Kh8 44. Qxd5 Ra1+ 45. Kh2 c3 46.
Qc4 Rc1 47. d5 Kh7 48. Qd3+ Kh8 49. d6 c2 50. Qd2 Rd1 51. Qxc2 Rxd6 52. Qc8+
Kh7 53. Qf5+ Kg8 54. Qc8+ 1/2-1/2